Paraquat and diquat
Αποθηκεύτηκε σε:
| Συγγραφή απο Οργανισμό/Αρχή: | |
|---|---|
| Μορφή: | Βιβλίο |
| Γλώσσα: | English |
| Δημοσίευση: |
Geneva :
World Health Organization,
1984
|
| Σειρά: | Environmental health criteria ;
; 39 |
| Θέματα: | |
| Ετικέτες: |
Προσθήκη ετικέτας
Δεν υπάρχουν, Καταχωρήστε ετικέτα πρώτοι!
|
MARC
| LEADER | 00000nam a2200000 i 4500 | ||
|---|---|---|---|
| 001 | 1/2097 | ||
| 008 | 950808s1984 i eng d | ||
| 020 | |z 92-4-154099-4 | ||
| 035 | |l 10014694 | ||
| 040 | |a GR-MY-UA |b gre |e aacr | ||
| 041 | 0 | |a eng | |
| 082 | 0 | |a 363.179 | |
| 245 | 1 | 0 | |a Paraquat and diquat |
| 260 | |a Geneva : |b World Health Organization, |c 1984 | ||
| 300 | |a 181 p.; |b ill.; |c 21 cm | ||
| 490 | 1 | |a Environmental health criteria |v ; 39 | |
| 500 | |a "IPCS International Programme on Chemical Safety." | ||
| 504 | |a Includes bibliographical references | ||
| 650 | 0 | 0 | |a Paraquat |x Toxicology. |
| 650 | 0 | 0 | |a Paraquat |x Environmental aspects. |
| 650 | 0 | 0 | |a Paraquat |x Physiological effect. |
| 650 | 0 | 0 | |a Diquat |x Toxicology. |
| 650 | 0 | 0 | |a Diquat |x Environmental aspects. |
| 650 | 0 | 0 | |a Diquat |x Physiological effect. |
| 710 | 2 | |a International Programme on Chemical Safety. | |
| 830 | 0 | |a Environmental health criteria ; |v ; 39 | |
| 852 | |a INST |b LESVOS |e 19950808 |h 363.179 WOR |p 005100007487 |q 005100007487 |t BK |y 0 | ||
| 909 | |a Λ |b 027513 | ||